Visualizzazione normale
Vista MARC
- Mann Anthony
di Personal Name
Records bibliografici associati: 1
001 - CONTROL NUMBER
- control field: 47793
003 - CONTROL NUMBER IDENTIFIER
- control field: IT-RoPau
005 - DATE AND TIME OF LATEST TRANSACTION
- control field: 20151201110529.0
008 - FIXED-LENGTH DATA ELEMENTS
- fixed length control field: 151201|| aca||aabn | a|a d
040 ## - CATALOGING SOURCE
- Original cataloging agency: IT-RoPau
- Transcribing agency: IT-RoPau
100 ## - HEADING--PERSONAL NAME
- Personal name: Mann Anthony
- Relator term: (regista)
- Miscellaneous information: Codice regista SPICS: 13306
670 ## - SOURCE DATA FOUND
- Source citation: Work cat.: (IT-RoPau)106611: Mann Anthony Codice regista SPICS: 13306 47788, EL CID EL CID (Rif. Codice opera principale : H9426)